Sciences et techniques á Rome.

Guardat en:
Dades bibliogràfiques
Autor principal: Chevallier, Raymond (autor)
Format: Llibre
Idioma:anglès
Publicat: Paris, France: Presses Universitaires de France, 1993.
Edició:1re édition.
Col·lecció:Que sais- je?.
Matèries:
Etiquetes: Afegir etiqueta
Sense etiquetes, Sigues el primer a etiquetar aquest registre!

MARC

LEADER 00000nam a22000007a 4500
003 CL-VaPUC
005 20220822114511.0
008 220620b1993 ||||| |||| 00| 0 eng d
999 |c 436118  |d 436116 
020 |a 2 13 045538 7 
040 |c Pontificia Universidad Católica de Valparaíso 
082 7 |a 509.37 CHE 1993  |2 22 
100 1 |a Chevallier, Raymond  |e autor  |9 870932 
245 |a Sciences et techniques á Rome.  
250 |a 1re édition.  
260 |a Paris, France:  |b Presses Universitaires de France,   |c 1993. 
300 |a 127 páginas.  
490 |a Que sais- je?. 
500 |a c.1 Donación Familia Prof. Alejandro Guzmán Brito. 
583 |c 20220620  |k Cristina María Rojas Aguilar 
650 |a Ciencia   |z Roma antigua   |9 871023 
650 |a Tecnología  |z Roma antigua  |9 871024 
942 |2 ddc  |c BK  |n 0 
952 |0 0  |1 0  |2 ddc  |4 0  |6 509_370000000000000_CHE_1993  |7 0  |8 C_AGB  |9 583850  |a BIBDER  |b BIBDER  |d 2022-06-20  |e Donación   |i 5651972  |o 509.37 CHE 1993  |p 5651972  |r 2023-01-25  |t 1  |w 2022-06-20  |y BK_US  |k AGB